000 00780nam a22002057a 4500
999 _c3293
_d3293
003 AR-CdUCM
008 190306b ||||| |||| 00| 0 spa d
040 _aMUNICIPALIDAD PROVINCIAL DEL CUSCO
_cBIBLIOTECA MUNICIPAL DEL CUSCO
082 _a869.56 /
_bV66
100 _aVillanes Cairo, Carlos
_910953
245 _aEl escritor venció al hombre :
_bVida y obra de Espinosa Bravo /
260 _aHuancayo :
_bUniversidad Nacional del Centro del Perú,
_c1971.
300 _a147 paginas ;
_c22 cm.
505 _aContenido :La vida -- La obra -- El primer intento periodístico -- La cárcel de Huancayo -- La explotación minera ...
650 _a1900-1969
_910954
650 _aCuentos peruanos
_97
650 _aLiteratura peruana
_9169
942 _2ddc
_cLIBROS
945 _arum